Meniace sa medzinárodné marketingové stratégie a obchodné podmienky a ich vplyv na prepravu a logistiku dizertačná práca

Salvato in:
Dettagli Bibliografici
Autore principale: Furdová, Lucia, 1984-
Ente Autore: Obchodná fakulta EU. Katedra medzinárodného obchodu
Altri autori: Hansenová, Heda
Natura: Libro
Lingua:slovacco
Pubblicazione: Bratislava 2012
Soggetti:
Tags: Aggiungi Tag
Nessun Tag, puoi essere il primo ad aggiungerne!!

MARC

LEADER 00000nbm a2200000 4500
001 0157327
005 20240502072740.8
041 0 |a slo 
044 |a SK 
245 1 0 |a Meniace sa medzinárodné marketingové stratégie a obchodné podmienky a ich vplyv na prepravu a logistiku  |b dizertačná práca  |c Lucia Furdová ; školiteľ: Heda Hansenová 
264 1 |a Bratislava  |c 2012 
300 |a 132 s. 
610 2 0 |a marketing medzinárodný 
610 2 0 |a logistika 
610 2 0 |a stratégia marketingová 
610 2 0 |a preprava 
100 1 |a Furdová, Lucia, 1984- 
700 1 |a Hansenová, Heda 
710 2 |a Obchodná fakulta EU. Katedra medzinárodného obchodu